000 00294 a2200145 4500
001 164586
020 _a
040 _cMagnum
100 _aCamargo, Rafael
240 1 0 _aQue belo horizonte !
_lpor
245 1 0 _aQue belo horizonte !
362 0 _a1899
697 _aJ/ROMANCE
942 _cBK
999 _c164586
_d164586